Osiedla Olkusza - Statystyki

Ogólne statystyki
  • Ten quiz został rozwiązany 107 razy
  • Średni wynik to 5 z 10
Statystyki odpowiedzi
Hint Odpowiedź % Poprawnych
Osiedle Młodych
92%
Osiedle Słowiki
89%
Osiedle Pakuska
86%
Osiedle Centrum
49%
Osiedle Pomorzany
48%
Osiedle Glinianki
38%
Osiedle Czarna Góra
37%
Osiedle Skalskie
37%
Osiedle Wschód
19%
Osiedle Śródmieście
16%
Nie znaleziono quizów pasujących do podanych kryteriów
Rozkład punktacji
Procent ludzi z każdym wynikiem
Percentyl według liczby udzielonych odpowiedzi
Twoja historia wyników
Nie rozwiązałeś tego quizu